|
|
|
|
| LEADER |
00000nam0a2200000 4500 |
| 001 |
341259 |
| 005 |
20231102005327.0 |
| 010 |
|
|
|a 9785170846597
|
| 035 |
|
|
|a (RuTPU)RU\TPU\book\368788
|
| 090 |
|
|
|a 341259
|
| 100 |
|
|
|a 20180710d2016 m y0rusy50 ca
|
| 101 |
0 |
|
|a rus
|a eng
|
| 102 |
|
|
|a RU
|
| 105 |
|
|
|a y j 000zy
|
| 200 |
1 |
|
|a Полный курс английского языка
|e [учебник]
|f М. Г. Рубцова
|
| 210 |
|
|
|a Москва
|c АСТ
|d 2016
|
| 215 |
|
|
|a 512 с.
|
| 225 |
1 |
|
|a Полный курс
|
| 330 |
|
|
|a В книге представлена вся необходимая информация для изучения английского языка (включая самые важные сведения по фонетике). Грамматический материал дается небольшими порциями, иллюстрируется интересными примерами, сопровождается тренировочными заданиями и упражнениями и закрепляется на текстах, которые помогут научиться читать оригинальную литературу. Книга может быть использована для самостоятельного изучения английского языка, а также как вспомогательное пособие на занятиях с преподавателем.
|
| 606 |
1 |
|
|a Английский язык
|x Учебные руководства и пособия
|x Учебные руководства и пособия для высшей школы
|2 stltpush
|3 (RuTPU)RU\TPU\subj\29071
|9 52483
|
| 610 |
1 |
|
|a фонетика
|
| 610 |
1 |
|
|a грамматика
|
| 610 |
1 |
|
|a лексика
|
| 610 |
1 |
|
|a разговорная речь
|
| 610 |
1 |
|
|a упражнения
|
| 686 |
|
|
|a Ш143.21-923
|v LBC/SL-A
|2 rubbk
|
| 700 |
|
1 |
|a Рубцова
|b М. Г.
|g Муза Геннадьевна
|
| 801 |
|
1 |
|a RU
|b 63413507
|c 20180710
|
| 801 |
|
2 |
|a RU
|b 63413507
|c 20180903
|g RCR
|
| 942 |
|
|
|c BK
|